00835nam a22002537a 45000010005000000030006000050050017000110080041000280200018000690400029000870500018001160820015001341000021001492450061001702600036002313000045002674900045003125050008003575200125003655210020004905210021005106500024005316500026005559622FISKH20260126122329.0260126b cb ||||| |||| 00| 0 eng d a9780345391803 aFISKHbengcFISKHdFISKH aPR6051 .D3352 a823.08762  a Adams , Douglas aThe hitchhiker's guide to the Galaxy /cBy Douglas Adams aNew York : bDrl Rey , c1979 . a216 pages : billustrations ; c17 cm .  aThe Hitchhiker's Guide to the Galaxy v1 aZ  aAfter Earth is demolished to make way for a new hyperspatial expressway, Arthur Dent begins to hitch-hike through space.8 a930 bLexile 8 aZ bRaz-Plus  aHitchhikervFiction aSpace travelvFiction